• 首页
  • 本馆介绍
  • 公告通知
  • 最新文献
  • 馆藏检索
  • 电子资源
  • 读者导购
  • 参考咨询
  • 我的图书馆
  • 登录
  • 详细信息显示
  • 放入我的书架
  • 预约/预借图书
  • 作者相关作品
  • 分类相关作品
  • 丛书相关作品
  • 出版社相关作品

书目信息

  • 表格格式
  • 工作单格式
  • 卡片格式
题名:
哈布斯堡的灭亡
    
 
作者: 瓦夫罗 著 ;黄中宪 译
分册:  
出版信息: 北京   社会科学文献出版社  2018.07
页数: 477页
开本: 22cm
丛书名:
单 册:
中图分类: K521.41
科图分类:
主题词: 奥匈帝国--ao xiong di guo--历史
电子资源:
ISBN: 978-7-5097-8883-7
000 01472nam0 2200277 450
001 1949708665
005 20191106134923.11
010    @a978-7-5097-8883-7@b精装@dCNY69.00
100    @a20160715d2018 em y0chiy50 ea
101 1  @achi@ceng
102    @aCN@b110000
105    @aab a 001yy
200 1  @a哈布斯堡的灭亡@Aha bu si bao de mie wang@e第一次世界大战的爆发和奥匈帝国的解体@d= A mad catastrophe@ethe outbreak of world war Ⅰ and the collapse of the habsburg empire@f(美) 杰弗里·瓦夫罗 (Geoffrey Wawro) 著@g黄中宪译@zeng
210    @a北京@c社会科学文献出版社@d2018.07
215    @a477页@c图, 地图@d22cm
314    @a杰弗里·瓦夫罗, Geoffrey Wawro, 1960-, 毕业于耶鲁大学, 现担任北德州大学军事史中心主任。同时在“历史频道”主持多档节目。黄中宪, 一九六四年生, 台湾政治大学外交系毕业, 现为专职翻译。
320    @a有书目 (第425-469页) 和索引
330    @a本书共分为十四章, 主要内容包括: 欧洲病夫、犯错与愚蠢之间、巴尔干战争、萨拉热窝逞凶、蒸汽压路机、格格不入之人、克拉希尼克、科马鲁夫等。
500 10 @aMad catastrophe : the outbreak of world war Ⅰ and the collapse of the habsburg empire@mChinese
517 1  @a第一次世界大战的爆发和奥匈帝国的解体@Adi yi ci shi jie da zhan de bao fa he ao xiong di guo de jie ti
606 0  @a奥匈帝国@Aao xiong di guo@x历史
690    @aK521.41@v5
701  1 @a瓦夫罗@Awa fu luo@g(Wawro, Geoffrey),@f1960-@4著
702  0 @a黄中宪@Ahuang zhong xian@4译
801  0 @aCN@b人天书店@c20160715
905    @aBZT@dK521.41@e1
    
    哈布斯堡的灭亡:第一次世界大战的爆发和奥匈帝国的解体= A mad catastrophe:the outbreak of world war Ⅰ and the collapse of the habsburg empire/(美) 杰弗里·瓦夫罗 (Geoffrey Wawro) 著/黄中宪译.-北京:社会科学文献出版社,2018.07
    477页:图, 地图;22cm
    
    
    ISBN 978-7-5097-8883-7(精装):CNY69.00
    本书共分为十四章, 主要内容包括: 欧洲病夫、犯错与愚蠢之间、巴尔干战争、萨拉热窝逞凶、蒸汽压路机、格格不入之人、克拉希尼克、科马鲁夫等。
●
相关链接 在五车中查询图书 在当当中查询图书 在豆瓣中查询图书


正题名:哈布斯堡的灭亡     索取号:K521.41/1         预约/预借

序号 登录号 条形码 馆藏地/架位号 状态 备注
1 860012   2000860012   第二书库/ [索取号:K521.41/1] 在馆    
2 860013   2000860013   第二书库/ [索取号:K521.41/1] 在馆    
3 860014   2000860014   第二书库/ [索取号:K521.41/1] 在馆    
山东省滨州职业学院图书馆 欢迎您!
大连网信软件有限公司© 版权所有